Five Biggest Cities by Continent by Letter - L - Statistics

General Stats
  • This quiz has been taken 680 times
  • The average score is 16 of 30
Answer Stats
Population Country City % Correct
13,340,000 Nigeria Lagos
98%
8,755,000 UK London
97%
9,887,000 Peru Lima
95%
3,976,000 USA Los Angeles
94%
2,825,000 Angola Luanda
92%
5,209,000 Pakistan Lahore
91%
565,000 UK Liverpool
86%
2,427,000 Zambia Lusaka
84%
759,000 Bolivia La Paz
83%
1,934,000 Togo Lomé
82%
633,000 USA Las Vegas
74%
701,000 Poland Lodz
68%
728,000 Ukraine Lviv
68%
560,000 Germany Leipzig
61%
2,903,000 India Lucknow
57%
1,283,000 D.R. Congo Lubumbashi
53%
616,000 USA Louisville
52%
1,287,000 Mexico León
41%
2,439,000 China Lanzhou
36%
470,000 USA Long Beach
25%
149,000 PNG Lae
21%
1,584,000 China Luoyang
21%
840,000 Argentina La Plata
20%
1,619,000 India Ludhiana
18%
87,000 Australia Launceston
9%
544,000 Brazil Londrina
8%
103,000 New Zealand Lower Hutt
8%
52,000 Fiji Lautoka
6%
29,000 Australia Lismore
3%
292,000 Brazil Limeira
2%
No matching quizzes found
Score Distribution
Percent of People with Each Score
Percentile by Number Answered
Your Score History
You have not taken this quiz